Introducción a la Ciencia Financiera / (Record no. 124552)

MARC details
000 -LEADER
campo de control de longitud fija 00622nam a2200205 i 4500
001 - NÚMERO DE CONTROL
campo de control 124552
003 - IDENTIFICADOR DE NÚMERO DE CONTROL
campo de control ES-MaACL
007 - CAMPO FIJO DE DESCRIPCIÓN FÍSICA--INFORMACIÓN GENERAL
campo de control de longitud fija t|
008 - DATOS DE LONGITUD FIJA--INFORMACIÓN GENERAL
campo de control de longitud fija 070329s1937 sp ||||1| spa d
080 ## - NÚMERO DE LA CLASIFICACIÓN DECIMAL UNIVERSAL
Número de la Clasificación Decimal Universal 33(022)
100 1# - ENTRADA PRINCIPAL--NOMBRE DE PERSONA
Nombre de persona Englis, Karel.
9 (RLIN) 47239
245 10 - MENCIÓN DEL TÍTULO
Título Introducción a la Ciencia Financiera /
Mención de responsabilidad, etc. Karel Englis ; traducción directa del checo por Milic Kybal.
260 ## - PUBLICACIÓN, DISTRIBUCIÓN, ETC.
Lugar de publicación, distribución, etc. Barcelona :
Nombre del editor, distribuidor, etc. Labor,
Fecha de publicación, distribución, etc. [1937]
300 ## - DESCRIPCIÓN FÍSICA
Extensión 339 p. ;
Dimensiones 17 cm.
490 1# - MENCIÓN DE SERIE
Mención de serie Colección Labor ;
Designación de volumen o secuencia 399, 400
700 1# - ENTRADA AGREGADA--NOMBRE PERSONAL
Nombre de persona Kybal, Milic.
9 (RLIN) 69098
830 00 - PUNTO DE ACCESO ADICIONAL DE SERIE-TÍTULO UNIFORME
Título uniforme Colección Labor
Designación de volumen o secuencia 399, 400
9 (RLIN) 184254
852 ## - LOCALIZACIÓN
Ubicación ES-MaACL
Número de control de estantería E-2866
Holdings
Estatus retirado Estado de pérdida Estado de daño No para préstamo Biblioteca de origen Biblioteca actual Ubicación en estantería Fecha de adquisición Fuente de adquisición Total de préstamos Signatura topográfica completa Código de barras Visto por última vez Precio de reemplazo Tipo de ítem Koha
        Biblioteca del Ateneo de Madrid Biblioteca del Ateneo de Madrid Depósito 2 17/01/2008     E-2866 1129767 23/02/2023 23/02/2023 Libro impreso